Pixar Movies by Location - Statistics

General Stats
  • This quiz has been taken 73 times
  • The average score is 16 of 23
Answer Stats
Hint Answer % Correct
Tri-State Area, San Francisco, Pizza Planet Toy Story
96%
Radiator Springs, Arizona Cars
88%
Axiom, Space WALL-E
88%
Monsters University Monsters University
86%
Tokyo, London, Italy Cars 2
82%
Tri-State Area, San Francisco, Sunnyside Daycare Toy Story 3
82%
Ant Island, Rhode Island A Bug's Life
80%
Great Barrier Reef, Sydney, Australia Finding Nemo
80%
Gusteau's, Paris Ratatouille
80%
Radiator Springs, Thomasville Cars 3
78%
Tri-State Area, San Francisco, Al's Toy Barn Toy Story 2
78%
Monstropolis Monsters, Inc.
76%
Medieval Scotland Brave
73%
Santa Cecilia, Land of the Dead Coco
71%
Imagination Land, San Francisco Inside Out
71%
Paradise Falls, Venezuela Up
67%
Clawtooth Mountain, Wyoming The Good Dinosaur
57%
Second Chance Antiques, Grand Basin, Nevada Toy Story 4
57%
The Great Before, New York City Soul
53%
Jewel of Morro Bay, Monterrey Bay Finding Dory
51%
Nomanisan, Municiberg The Incredibles
51%
New Mushroomton Onward
47%
Everjust, Municiberg Incredibles 2
45%
No matching quizzes found
Score Distribution
Percent of People with Each Score
Percentile by Number Answered
Your Score History
You have not taken this quiz